000 00459cam a22001574a 4500
999 _c14362
_d14362
003 OSt
005 20260217132643.0
008 000127s2000 tnu b 001 0 eng
020 _a9781350359918
_qpbk.
082 0 0 _a236/.9
_221
245 1 0 _aDesign, History and Time: New Temporalities in a Digital Age
250 _aZoƫ Hendon & Anne Massey
260 _bBloomsbury Visual Arts / Bloomsbury Publishing
_cFebruary 9 2023
300 _a216p. ;
942 _2ddc